Women Rebels-Telugu Feminist Short Stories (Record no. 11068)

MARC details
000 -LEADER
fixed length control field 00586nam a2200241 a 4500
020 ## - INTERNATIONAL STANDARD BOOK NUMBER
ISBN
082 00 - DEWEY DECIMAL CLASSIFICATION NUMBER
Classification number 823
Author Cutter RED
100 ## - MAIN ENTRY--AUTHOR NAME
Author name Reddy, K Indersena
245 ## - TITLE STATEMENT
Title Women Rebels-Telugu Feminist Short Stories
260 ## - PUBLICATION, DISTRIBUTION, ETC. (IMPRINT)
Place of publication Warangal
Name of publisher Indu Pub.
Year of publication 1996
300 ## - PHYSICAL DESCRIPTION
Number of Pages 138p
500 ## - GENERAL NOTE
General note includes index and biblioraphy
505 2# - FORMATTED CONTENTS NOTE
Formatted contents note Index
650 ## - SUBJECT ADDED ENTRY--TOPICAL TERM
Topical Term English-Fiction
942 ## - ADDED ENTRY ELEMENTS (KOHA)
Koha item type Books
700 1# -
-- Reddy, K Indersena
Holdings
Collection code Home library Current library Date acquired Cost, normal purchase price Full call number Accession Number Koha item type
  Henry Martyn Institute Library Henry Martyn Institute Library 06/15/2007 85.00 823 RED 018699 Books
                   Copyright © 2026 | Henry Martyn Institute | Hyderabad | TS-500052 | INDIA | Implemented by hmi.edu.in
Hit-Count:

Powered by Koha